Holiday Quiz

Random Holiday or Carol Quiz

Christmas Sorting Blitz Quiz Stats

 Plays Quiz Updated Dec 25, 2015

Challenge
Share
Tweet
Embed
Score 0/16 Timer 01:00
1 Play Today
% Correct
???
69.3%
???
66.5%
???
59.4%
???
57.6%
???
56.3%
???
55.8%
???
55.5%
???
55.1%
% Correct
???
54.3%
???
53.5%
???
51.9%
???
51.2%
???
51%
???
50.5%
???
49.7%
???
49.4%

You're not logged in!

Compare scores with friends on all Sporcle quizzes.
Join for Free
OR
Log In

You Might Also Like...

Show Comments

Extras

Top Quizzes Today


Score Distribution

Your Account Isn't Verified!

In order to create a playlist on Sporcle, you need to verify the email address you used during registration. Go to your Sporcle Settings to finish the process.

Report this User

Report this user for behavior that violates our Community Guidelines.

Details: